Normal view MARC view

Entry Nombre personal

Number of records used in: 3

001 - NÚMERO DE CONTROL

  • campo de control: 1076

003 - IDENTIFICADOR DE NÚMERO DE CONTROL

  • campo de control: DLC

005 - FECHA Y HORA DE LA ÚLTIMA TRANSACCIÓN

  • campo de control: 20260420063704.0

008 - ELEMENTOS DE DATO DE LONGITUD-FIJA

  • campo de control de longitud fija: 890920n| azannaabn |n aaa

010 ## - NÚMERO DE CONTROL DE LA BIBLIOTECA DEL CONGRESO

  • Número de control de LC: n 89652593

035 ## - NÚMERO DE CONTROL DEL SISTEMA

  • Número de control de sistema: (OCoLC)oca02602490

040 ## - FUENTE DE CATALOGACIÓN

  • Centro catalogador/agencia de origen: DLC
  • Lengua de catalogación: eng
  • Normas de descripción: rda
  • Centro/agencia transcriptor: DLC
  • Centro/agencia modificador: CtY-Mus
  • Centro/agencia modificador: WaBeWWUM

046 ## - FECHAS CON CODIFICACIÓN ESPECIAL

  • Fecha de nacimiento: 1903
  • Fecha de la muerte: 1957
  • Fuente del esquema de fecha: edtf

100 1# - ENCABEZAMIENTO-NOMBRE DE PERSONA

  • Nombre de persona: Hamel, Fred,
  • Fechas asociadas al nombre: 1903-1957

372 ## - CAMPO DE ACTIVIDAD

  • Campo de actividad: Music--Editing
  • Fuente del término: lcsh

374 ## - OCUPACIÓN

  • Ocupación: Editors
  • Fuente del término: lcsh

670 ## - FUENTE DE DATOS ENCONTRADOS

  • Cita de la fuente: nuc88-122221: Atlantisbuch der Musik. Spanish. Enciclopedia de la musica, 1980
  • Información encontrada: (hdg. on CLU rept.: Hamel, Fred, 1903- ; usage: Fred Hamel)

670 ## - FUENTE DE DATOS ENCONTRADOS

  • Cita de la fuente: LC data base, 9/20/89
  • Información encontrada: (hdg.: Hamel, Fred, 1903- )

670 ## - FUENTE DE DATOS ENCONTRADOS

  • Cita de la fuente: Virtual international authority file, Apr. 13, 2011
  • Información encontrada: (Hamel, Fred, 1903-1957)